• 首页
  • 本馆介绍
  • 公告通知
  • 最新文献
  • 馆藏检索
  • 电子资源
  • 读者导购
  • 参考咨询
  • 我的图书馆
  • 登录
  • 详细信息显示
  • 放入我的书架
  • 预约/预借图书
  • 作者相关作品
  • 分类相关作品
  • 丛书相关作品
  • 出版社相关作品

书目信息

  • 表格格式
  • 工作单格式
  • 卡片格式
题名:
科学实验哲学
    
 
作者: 拉德 主编 ;吴彤 , 何华青 , 崔波 译
分册:  
出版信息: 北京   科学出版社  2015.10
页数: 272页
开本: 24cm
丛书名: 理解科学译丛
单 册:
中图分类: N33 , N02
科图分类:
主题词: 科学实验--研究--科学哲学--ke xue shi yan
电子资源:
ISBN: 978-7-03-045773-8
000 01489nam0 2200337 450
001 3126
001 01CN11569376@CSLN
005 20161208081620.10
010    @a978-7-03-045773-8@dCNY86.00
100    @a20151021d2015 em y0chiy0121 ea
101 1  @achi@ceng
102    @aCN@b110000
105    @aak a 000yy
200 1  @a科学实验哲学@d= The philosophy of scientific experimentation@zeng@fHans Radder@f(荷) 汉斯·拉德主编@g吴彤, 何华青, 崔波译@Ake xue shi yan zhe xue
210    @a北京@c科学出版社@d2015.10
215    @a272页@c图@d24cm
225 2  @a理解科学译丛@f丛书主编曾国屏, 吴彤, 王巍@h第一辑@Ali jie ke xue yi cong
320    @a有书目 (第251-267页)
330    @a在本书中, 很多著名实验哲学家直接探讨了实验的基础理论问题, 发展了其哲学观点, 提供了新的视野。论文主要讲讨论了6个问题: 从事实验时要主动地、意向地干预世界, 这有什么哲学意涵; 关于因果性的解释问题; 科学与技术之间的关联; 理论在实验中的作用; 模型与计算机模拟对实验的冲击; 科学仪器设计、操作与使用的哲学意义。
333    @a本书可作为科技哲学专业的参考书, 也可供对科学哲学发展感兴趣的读者阅读参考
410  0 @12001
500 10 @aPhilosophy of scientific experimentation@mChinese
606 0  @a科学实验@x研究@x科学哲学@Ake xue shi yan
690    @aN33@v5
690    @aN02@v5
701  1 @a拉德@g(Radder, Hans)@4主编@Ala de
702  0 @a吴彤@4译@Awu tong
702  0 @a何华青@4译@Ahe hua qing
702  0 @a崔波@4译@Acui bo
801  0 @aCN@b大连网信软件有限公司图书馆·11@c20161208
905    @aZUCC@dN33@e107
    
    科学实验哲学= The philosophy of scientific experimentation/Hans Radder/(荷) 汉斯·拉德主编/吴彤, 何华青, 崔波译.-北京:科学出版社,2015.10
    272页:图;24cm.-(理解科学译丛/丛书主编曾国屏, 吴彤, 王巍.第一辑)
    使用对象:本书可作为科技哲学专业的参考书, 也可供对科学哲学发展感兴趣的读者阅读参考
    
    ISBN 978-7-03-045773-8:CNY86.00
    在本书中, 很多著名实验哲学家直接探讨了实验的基础理论问题, 发展了其哲学观点, 提供了新的视野。论文主要讲讨论了6个问题: 从事实验时要主动地、意向地干预世界, 这有什么哲学意涵; 关于因果性的解释问题; 科学与技术之间的关联; 理论在实验中的作用; 模型与计算机模拟对实验的冲击; 科学仪器设计、操作与使用的哲学意义。
●
相关链接 在E读中查询图书 在五车中查询图书 在当当中查询图书 在豆瓣中查询图书


正题名:科学实验哲学     索取号:N33/107         预约/预借

序号 登录号 条形码 馆藏地/架位号 状态 备注
1 912080   209120805   第二样本阅览室/ [索取号:N33/107] 在馆    
2 912081   209120814   第三借阅区/ [索取号:N33/107] 在馆    
3 912082   209120823   第三借阅区/ [索取号:N33/107] 在馆    
唐山师范学院图书馆 欢迎您!
大连网信软件有限公司© 版权所有